000 00341nam a22001457a 4500
008 231124b ||||| |||| 00| 0 eng d
020 _a0231083181
041 _aeng
080 _a616.73
082 _a616.73LEW
100 _a8
101 _aMJEKP
245 _aTHE GENETIC BASIS OF EVOLUTIONARY CHANGE
_cLEWONTIN .C .R
942 _2udc
_cBK
999 _c60526
_d60526